Submicroscopic examination of the regeneration of the cirrhotic liver

Elmentve itt :
Bibliográfiai részletek
Szerzők: Bartók István
Virágh Szabolcs
Dokumentumtípus: Cikk
Megjelent: 1965
Sorozat:Kolligátum
Kulcsszavak:Májzsugorodás - előadáskivonat, Májregeneráció - előadáskivonat, Biológia - molekuláris - laboratóriumi technika - előadáskivonat
Online Access:http://misc.bibl.u-szeged.hu/27134
LEADER 00730nab a2200181 i 4500
001 misc27134
005 20191111110343.0
008 170928s1965 hu o 0|| zxx d
040 |a SZTE Miscellanea Repozitórium  |b hun 
041 |a zxx 
100 1 |a Bartók István 
245 1 0 |a Submicroscopic examination of the regeneration of the cirrhotic liver  |h [elektronikus dokumentum] /  |c  Bartók István 
260 |c 1965 
300 |a 1-2 
490 0 |a Kolligátum 
695 |a Májzsugorodás - előadáskivonat, Májregeneráció - előadáskivonat, Biológia - molekuláris - laboratóriumi technika - előadáskivonat 
700 0 1 |a Virágh Szabolcs  |e aut 
856 4 0 |u http://misc.bibl.u-szeged.hu/27134/1/020_001_001-002g.pdf  |z Dokumentum-elérés